00962nam a2200217 a 450000100100000000500170001000800410002704000250006808200170009310000310011024500860014126000460022730000200027350000380029365000360033165000470036704900090041495201830042395201210060699900170072700001695620200929165007.0100312s1928 dr 000 0 spa d aDO-SdBNPbspacBNPHU a461.5bL791c1 aLlaverias, Federico91015710aCompendio de ortografía y prosodia del idioma castellano /cFederico Llaverias. aSanto Domingo :bEl Independiente,c1928. a56 p. ;c20 cm. aIncluye notas al pie de páginas 4aOrtografíaxEnseñanza99599 4aEspañolxOrtografíaxEnseñanza91228 aBNPD 001050718RVaPDbPDcHDd2010-03-12iLF1l0o461.5 L791cp16956-10r2020-06-25w2020-06-25y1zPerteneció a la biblioteca personal de Carlos Larrabazal Blanco.ZNo se presta 001050718RVaPDbPDcCTd2011-07-26iLF1l0o461.5 L791cp16956-20r2020-06-25te. 2w2020-06-25y1ZNo se presta c16488d16488